00455nam a22001697a 450000500170000001000130001702000110003003500130004103700170005408200080007110000170007924500890009626000310018527000350021630000170025170000170026820180210134252.0 aB-593948 c128.00 aB-593948 bPansy Books  a485 aRajendra Pal aEssetial of english grammer and composition vol-4 /cby Rajendra Pal and Ritu Taneja aDelhibSultan Chand c2014 aDarya Ganj bnew Delhie110002 av.pc22 cm.  aTaneja,Ritu